Tous les clubs représentés à l'Euro 2020 - Statistiques

Statistiques générales
  • Ce quiz a été pris 250 fois
  • Le résultat moyen est 70 sur 210
Statistiques - réponses
Pays Ligue Club Nombre de Joueurs % Correct
Angleterre Premier League Manchester City 15
97%
Angleterre Premier League Manchester United 11
96%
Angleterre Premier League Chelsea FC 15
93%
Angleterre Premier League Arsenal FC 4
89%
Angleterre Premier League Liverpool FC 8
88%
France Ligue 1 Paris Saint-Germain 6
87%
Angleterre Premier League Tottenham Hostpur 7
86%
France Ligue 1 Olympique de Marseille 3
85%
France Ligue 1 Olympique Lyonnais 4
84%
Allemagne Bundesliga Bayern Munich 14
81%
Italie Serie A AC Milan 2
80%
Italie Serie A Juventus Turin 12
80%
France Ligue 1 Lille OSC 7
80%
Espagne La Liga Real Madrid 6
80%
Allemagne Bundesliga Borussia Dortmund 10
79%
Espagne La Liga FC Barcelone 8
79%
Pays-Bas Eredivisie Ajax Amsterdam 4
78%
Italie Serie A Inter Milan 9
78%
Espagne La Liga Atletico Madrid 7
75%
France Ligue 1 Girondins de Bordeaux 1
71%
Pays-Bas Eredivisie PSV Eindhoven 4
71%
Italie Serie A AS Rome 3
70%
Espagne La Liga Seville FC 3
70%
France Ligue 1 Stade Rennais FC 1
70%
France Ligue 1 AS Monaco 3
69%
France Ligue 1 OGC Nice 2
69%
Italie Serie A SSC Naples 8
68%
Angleterre Premier League West Ham United 5
67%
Allemagne Bundesliga RB Leipzig 9
65%
Italie Serie A SS Lazio Rome 2
65%
Écosse Scottish Premiership Celtic Glasgow 5
64%
Angleterre Premier League Everton FC 3
64%
Pays-Bas Eredivisie Feyenoord Rotterdam 3
62%
Angleterre Premier League Leicester City 6
62%
Espagne La Liga Valence CF 4
62%
Angleterre Premier League Aston Villa 3
61%
Portugal Liga NOS FC Porto 2
61%
Turquie Süper Lig Galatasaray 3
61%
Écosse Scottish Premiership Rangers Glasgow 5
61%
Ukraine Premier-Liha Dynamo Kiev 11
60%
Angleterre Premier League Newcastle United 4
60%
Allemagne Bundesliga Bayer Leverkusen 4
58%
Croatie Prva HNL Dinamo Zagreb 8
58%
Angleterre Premier League Wolverhampton Wanderers 7
58%
France Ligue 1 RC Strasbourg Alsace 1
57%
Espagne La Liga Real Betis 1
57%
Portugal Liga NOS Sporting Portugal 3
57%
Portugal Liga NOS SL Benfica 3
56%
Russie Premier-Liga Zenith Saint-Pétersbourg 7
56%
Italie Serie A Atalanta Bergame 8
55%
Espagne La Liga Atheltic Club Bilbao 1
55%
République Tchèque První Liga Sparta Prague 3
55%
Allemagne Bundesliga FC Schalke 04 2
53%
France Ligue 1 Montpellier HSC 1
53%
Espagne La Liga Villareal CF 2
53%
Belgique Jupiler Pro League Club Brugges 3
52%
Angleterre Premier League Leeds United 6
52%
Angleterre Premier League Brighton & Hove Albion 5
51%
Pays de Galles Championship Cardiff City 4
51%
Russie Premier-Liga CSKA Moscou 3
51%
Turquie Süper Lig Fenerbahçe 4
51%
Allemagne Bundesliga Borussia Mönchengladbach 10
50%
Angleterre Premier League Crystal Palace 1
49%
Allemagne Bundesliga Eintracht Francfort 6
49%
Suisse Raiffeisen Super League Young Boys Berne 1
49%
Turquie Süper Lig Beşiktaş 3
48%
Allemagne Bundesliga VfL Wolfsburg 6
48%
Suisse Raiffeisen Super League FC Bâle 2
47%
Ukraine Premier-Liha Chaktar Donetsk 7
46%
Danemark Superligaen FC Copenhague 4
46%
Espagne La Liga Real Sociedad 2
46%
Angleterre Premier League Southampton FC 4
46%
Angleterre Championship Norwich City 4
45%
Allemagne Bundesliga Vfb Stuttgart 2
45%
Allemagne Bundesliga FC Union Berlin 2
44%
Suède Allsvenskan Malmö FF 1
44%
République Tchèque První Liga Slavia Prague 6
44%
Italie Serie A Torino FC 3
44%
Italie Serie A US Sassuolo 6
44%
Pays-Bas Eredivisie AZ Alkmaar 3
43%
Allemagne Bundesliga FC Cologne 1
42%
Angleterre Premier League Fulham FC 1
42%
Autriche Austrian Bundesliga Red Bull Salzbourg 1
42%
Pays de Galles Championship Swansea United 2
42%
Allemagne Bundesliga Werder Brême 3
40%
Russie Premier-Liga Lokomotiv Moscou 5
39%
Russie Premier-Liga Spartak Moscou 6
38%
Italie Serie A Udinese Calcio 1
38%
Suisse Raiffeisen Super League FC Zürich 1
37%
Belgique Jupiler Pro League KRC Genk 2
37%
Angleterre Premier League Sheffield United 1
37%
Italie Serie A UC Sampdoria 2
37%
Italie Serie A Genoa CFC 1
36%
Pologne Ekstraklasa Legia Warsaw 1
36%
Allemagne Bundesliga TSG Hoffenheim 6
36%
Angleterre Premier League Burnley FC 1
35%
Allemagne Bundesliga Hertha Berlin SC 3
34%
Italie Serie A Parme Calcio 2
34%
Angleterre Championship Brentford FC 5
33%
Allemagne Bundesliga SC Fribourg 3
33%
Angleterre Championship Watford FC 2
33%
Espagne La Liga Celta Vigo 1
32%
Italie Serie A Bologne FC 2
31%
Espagne La Liga Getafe CF 1
31%
Italie Serie A Hellas Verone 2
31%
Angleterre Championship AFC Bournemouth 1
30%
Turquie Süper Lig Trabzonspor 2
30%
Angleterre Premier League West Bromwich Albion 1
30%
Allemagne Bundesliga FSV Mayence 05 4
29%
Hongrie OTP Bank Liga Ferencvaros 6
28%
République Tchèque První Liga Viktoria Plzen 1
28%
Turquie Süper Lig Istanbul Başakşehir 2
27%
Belgique Jupiler Pro League KAA La Gantoise 2
27%
France Ligue 2 Le Havre AC 1
26%
Russie Premier-Liga Dynamo Moscou 2
25%
Croatie Prva HNL Hadjuk Split 1
25%
Espagne La Liga Levante UD 1
25%
Espagne La Liga CA Osasuna 1
23%
Russie Premier-Liga FC Krasnodar 5
23%
Italie Serie B US Lecce 1
23%
Russie Premier-Liga FC Rubin Kazan 2
22%
Albanie Super Ligue Albanaise FK Partizani Tirana 1
22%
Bosnie-Herzegovine Premijer Liga FK Sarajevo 1
22%
Serbie SuperLiga Partizan Belgrade 1
22%
Espagne La Liga Smartbank RCD Majorque 2
22%
Allemagne Bundesliga FC Augsbourg 4
21%
Espagne La Liga Grenade CF 1
21%
Grèce Superleague Elláda PAOK Salonique 2
20%
Canada MLS CF Montréal 1
19%
Turquie Süper Lig Antalyaspor 1
18%
Espagne La Liga Smartbank Rayo Vallecano 1
18%
Suède Allsvenskan AIK 2
17%
Italie Serie B Brescia Calcio 2
17%
Suède Allsvenskan IFK Göteborg 1
17%
Italie Serie A Benevento Calcio 1
16%
Danemark Superligaen FC Midtjylland 2
16%
Allemagne 2. Bundesliga Fortuna Düsseldorf 2
16%
Angleterre Championship Queens Park Rangers 1
16%
Pologne Ekstraklasa Lech Poznań 2
15%
Belgique Jupiler Pro League Royal Charleroi SC 1
15%
République Tchèque První Liga Slovan Liberec 3
15%
Italie Serie B Chievo Verone 1
14%
Etats-Unis MLS Chicago Fire FC 1
13%
Finlande Veikkausliiga HJK 1
12%
Ukraine Premier-Liha SK Dnipro-1 1
12%
Écosse Scottish Premiership Hibernian FC 1
11%
Angleterre Championship Luton Town 3
11%
Angleterre Championship Stoke City 3
11%
Angleterre Championship Bristol City 1
10%
Angleterre EFL League One Bristol Rovers 1
10%
France Ligue 2 FC Chambly Oise 1
10%
Croatie Prva HNL HNK Rijeka 1
10%
Espagne La Liga SD Huesca 1
10%
Etats-Unis MLS FC Dallas 1
9%
Suisse Raiffeisen Super League FC Lucerne 1
9%
Chypre Cyta Omonia Nicosie 3
9%
Japon J-League Vissel Kobe 1
9%
Pologne Ekstraklasa Lechia Gdańsk 1
8%
Angleterre Championship Barnsley FC 1
7%
Angleterre EFL League One Charlton Athletic FC 1
7%
Suisse Raiffeisen Super League FC Lugano 1
7%
Russie Premier-Liga FC Sotchi 1
6%
Belgique Jupiler Pro League KV Ostende 1
6%
Autriche Austrian Bundesliga LASK Linz 1
6%
Écosse Scottish Premiership Motherwell FC 2
6%
Slovaquie Fortuna Liga Slovan Bratislava 1
6%
Chine Chinese Super League Guangzhou City 1
5%
Croatie Prva HNL NK Osijek 2
5%
République Tchèque První Liga Sigma Olomouc 1
5%
Turquie Süper Lig Kasımpaşa SK 1
4%
Hongrie OTP Bank Liga MTK Budapest 2
4%
Chine Chinese Super League Shangai Port FC 1
4%
Norvège Eliteserien SK Brann 1
4%
Hongrie OTP Bank Liga Ujpest FC 1
4%
Pologne Ekstraklasa Raków Częstochowa 1
3%
Suède Allsvenskan Djurgårdens IF 1
3%
Danemark Superligaen Esbjerg 2
3%
Pays-Bas Eredivisie FC Groningen 1
3%
Hongrie OTP Bank Liga Fehérvar FC 5
3%
République Tchèque První Liga FK Jablonec 1
3%
Suède Allsvenskan IF Elfsborg 1
3%
Turquie Süper Lig Kayserispor 1
3%
Belgique Jupiler Pro League KV Courtrai 1
3%
Pays-Bas Eredivisie PEC Zwolle 1
3%
Slovaquie Fortuna Liga Spartak Trnava 1
3%
Russie Premier-Liga Akhmat Grozny 1
2%
Angleterre EFL League One Doncaster Rovers 1
2%
Turquie Süper Lig Gençlerbirliği SK 1
2%
Suède Allsvenskan Helsingborgs IF 1
2%
Slovaquie Fortuna Liga MFK Ružomberok 1
2%
Hongrie OTP Bank Liga Paksi FC 1
2%
Chypre Cyta Paphos FC 2
2%
Grèce Superleague Elláda AEL Larissa 1
1%
Macédoine du Nord Prva Makedonska Fudbalska Liga Akademija Pandev 1
1%
Suède Allsvenskan BK Häcken 1
1%
Pologne Ekstraklasa Piast Gliwice 1
1%
Pologne Ekstraklasa Pogoń Szczecin 1
1%
Slovaquie Fortuna Liga Dunajská Streda 1
1%
Écosse Scottish Premiership Heart of Midlothian FC 1
1%
Hongrie OTP Bank Liga Mezőkövesd 1
1%
Etats-Unis MLS Minnesota United FC 3
1%
Etats-Unis MLS Philadelphia Union 1
1%
Danemark Superligaen Vejle Boldklub 1
1%
Pologne Ekstraklasa Warta Poznań 1
1%
Chypre Cyta AEK Lacarna 2
0%
Chine Chinese Super League Dalian Professional FC 1
0%
Chypre Cyta Doxa Katopias 1
0%
Macédoine du Nord Prva Makedonska Fudbalska Liga FK Rabotnički 1
0%
Croatie Prva HNL Istra 1961 1
0%
Macédoine du Nord Prva Makedonska Fudbalska Liga KF Shkëndija 1
0%
Aucun quiz correspondant
Distribution des résultats
% des personnes avec chaque résultat
Percentile par nombre de réponses
Votre historique - résultats
Vous n’avez pas pris ce quiz